书目信息 |
| 题名: |
城市交通与道路系统规划
|
|
| 作者: | 文国玮 著 | |
| 分册: | ||
| 出版信息: | 北京 清华大学出版社 2020.9 |
|
| 页数: | 28,342页 | |
| 开本: | 26cm | |
| 丛书名: | ||
| 单 册: | ||
| 中图分类: | TU984.191 | |
| 科图分类: | ||
| 主题词: | 市区交通--交通规划--高等学校--教材 , 市区交通 , 交通规划 | |
| 电子资源: | ||
| ISBN: | 978-7-302-31507-0 | |
| 000 | 01225nam0 2200289 45 | |
| 001 | 012001000810 | |
| 005 | 20130912082449.0 | |
| 010 | @a978-7-302-31507-0@dCNY65.00 | |
| 100 | @a20130806d2013 em y0chiy50 ea | |
| 101 | 0 | @achi |
| 102 | @aCN@b110000 | |
| 105 | @aa z 000yy | |
| 106 | @ar | |
| 200 | 1 | @a城市交通与道路系统规划@Acheng shi jiao tong yu dao lu xi tong gui hua@b专著@dThe urban traffic & road system planning@e2013版@f文国玮著@zeng |
| 210 | @a北京@c清华大学出版社@d2020.9 | |
| 215 | @a28,342页@c图@d26cm | |
| 300 | @a国家“985工程”三期清华大学人才培养建设项目资助 清华大学人居科学系列教材 | |
| 300 | @a并列题名:Urban traffic & road system planning | |
| 330 | @a本书从阐述国内外城市道路系统规划理论和规划思想的发展入手,论述城市道路系统与城市用地布局的密切关系,建筑与交通的关系;结合现代中国城市和城市交通发展的特点和现代城市发展的趋势,介绍现代城市道路交通系统规划的新观点和规划设计方法。 | |
| 510 | 1 | @aUrban traffic & road system planning@zeng |
| 606 | 0 | @a市区交通@x交通规划@x高等学校@j教材 |
| 606 | 0 | @a市区交通 |
| 606 | 0 | @a交通规划 |
| 690 | @aTU984.191@v5 | |
| 701 | 0 | @a文国玮@Awen guo wei@f(1943 )@4著 |
| 801 | 0 | @aCN@bBJSDL@c20211011 |
| 905 | @b1335942-5@dTU984.191@e1950@f4 | |
| 城市交通与道路系统规划=The urban traffic & road system planning:2013版/文国玮著.-北京:清华大学出版社,2020.9 |
| 28,342页:图;26cm |
| 国家“985工程”三期清华大学人才培养建设项目资助 清华大学人居科学系列教材.-并列题名:Urban traffic & road system planning |
| ISBN 978-7-302-31507-0:CNY65.00 |
| 本书从阐述国内外城市道路系统规划理论和规划思想的发展入手,论述城市道路系统与城市用地布局的密切关系,建筑与交通的关系;结合现代中国城市和城市交通发展的特点和现代城市发展的趋势,介绍现代城市道路交通系统规划的新观点和规划设计方法。 |
| ● |
| 相关链接 |
|
|
|
|
正题名:城市交通与道路系统规划
索取号:TU984.191/1950
 
预约/预借
| 序号 | 登录号 | 条形码 | 馆藏地/架位号 | 状态 | 备注 |
| 1 | 1335942 | 213359426 | 第二样本阅览室/ [索取号:TU984.191/1950] | 在馆 | |
| 2 | 1335943 | 213359435 | 第三借阅区/ [索取号:TU984.191/1950] | 在馆 | |
| 3 | 1335944 | 213359444 | 第三借阅区/ [索取号:TU984.191/1950] | 在馆 | |
| 4 | 1335945 | 213359453 | 第三借阅区/ [索取号:TU984.191/1950] | 在馆 |